000 00312nam a22001337a 4500
008 170616b xxu||||| |||| 00| 0 eng d
020 _a9780578092164
041 _aeng
080 _a324
100 _a20
101 _aSHP
245 _aHOW TO WIN ELECTIONS USING SOCIAL MEDIA
_cTABIN.H
942 _2udc
_cBK
999 _c17832
_d17832